Statistics for Top 100 Countries to Live In

Click here to take the quiz!

General Stats

  • This quiz has been taken 87 times
  • The average score is 77 of 100

Answer Stats

#Answer% Correct
23United States
99%
4Canada
97%
6Norway
97%
25Spain
97%
29Iceland
96%
45Russia
96%
14United Kingdom
96%
8Finland
95%
21France
95%
2Germany
95%
3New Zealand
95%
33Portugal
95%
5Sweden
95%
13Australia
94%
7Denmark
94%
27Japan
94%
58China
92%
18Italy
92%
43Argentina
91%
19Austria
91%
1Netherlands
91%
15Belguim
90%
37Greece
90%
17Luxembourg
90%
54Mexico
90%
80Egypt
89%
30Estonia
89%
42India
89%
20Ireland
89%
34Poland
89%
57Ukraine
87%
46Brazil
86%
41Slovakia
86%
52South Africa
86%
49Chile
85%
88Morocco
85%
38South Korea
85%
99Vietnam
85%
36Andorra
84%
35Czech Republic
84%
22Latvia
84%
28Lithuania
84%
81Peru
84%
10Switzerland
84%
40Croatia
82%
32Hungary
82%
47Slovenia
82%
9Israel
81%
26Monaco
81%
68Serbia
81%
59Thailand
81%
67Turkey
81%
70Belarus
80%
60Indonesia
80%
16Singapore
80%
12Taiwan
80%
24Liechtenstein
78%
55Qatar
78%
73Malaysia
77%
64Saudi Arabia
77%
11United Arab Emirates
77%
79Bahamas
76%
65Malta
75%
53Romania
73%
56Costa Rica
72%
77Algeria
71%
51Bulgaria
71%
98Ecuador
70%
75Georgia
70%
44Moldova
70%
87Montenegro
70%
66Oman
70%
61Panama
70%
69Albania
68%
48Cyprus
68%
82Armenia
67%
90Jordan
67%
78Mongolia
67%
63Philippines
67%
94Fiji
66%
84Sri Lanka
66%
72Azerbaijan
65%
62Bolivia
61%
89Maldives
61%
50Belize
59%
95Kenya
59%
83Bahrain
58%
93Barbados
58%
91Guatemala
57%
39Mauritius
56%
97Saint Kitts and Nevis
56%
92Saint Lucia
56%
86Grenada
52%
85St Vincent
52%
31Bhutan
51%
96Bangladesh
49%
74Madagascar
47%
76Antigua and Barbuda
43%
100Senegal
43%
71Kyrgyzstan
28%

Score Distribution

Percentile by Number Answered

Percent of People with Each Score

Your Score History

You have not taken this quiz